000 00710cam a2200193 4500
001 X118468
008 020619n2002 000 0 eng u
035 _a(Sirsi) u118468
100 _aTaylor, C
245 4 _aThe code unscrambled
260 _c2002
490 _aNew Law Journal
_v Expert Witness Supplement February 2002, 255-257(3)
520 _aReviews the new Civil Procedure Working Party Code of Guidance on Expert Evidence. Discusses when an expert witness can amend his report, and whether lawyers should be present at the experts' meetings.
650 _aEXPERT WITNESSES
650 _aCIVIL PROCEDURE RULES
650 _aEXPERT EVIDENCE
690 _aDispute resolution
_96236
942 _n0
999 _c70523
_d70523